LEADER 01712nas 2200553-c 450 001 996413350203316 005 20210824213025.0 035 $a(DE-599)ZDB2125273-7 035 $a(OCoLC)1154921385 035 $a(CKB)2520000000000731 035 $a(CONSER)--2021239315 035 $a(EXLCZ)992520000000000731 100 $a19800618a19099999 --- b 101 0 $aspa 135 $aurun||||||||| 181 $ctxt$2rdacontent 182 $cc$2rdamedia 183 $acr$2rdacarrier 200 00$aActas dermo-sifiliográficas 210 1$aMadrid$cAcademia Española de Dermatología y Venereología$d1909- 215 $a1 online resource$cillustrations 300 $aRefereed/Peer-reviewed 300 $aVols. for <2009-> published: Madrid : Elsevier España 311 $a0001-7310 531 $aACTAS DERMO-SIFILIOGR#XE1FICAS 531 0 $aActas dermo-sifiliogr 606 $aDermatology$vPeriodicals 606 $aSyphilis$vPeriodicals 606 $aDermatology 606 $aSexually Transmitted Diseases 606 $aSyphilis 606 $aDermatology$2fast$3(OCoLC)fst00891059 606 $aSyphilis$2fast$3(OCoLC)fst01141294 608 $aPeriodical. 608 $aPeriodicals$2fast 615 0$aDermatology 615 0$aSyphilis 615 2$aDermatology. 615 2$aSexually Transmitted Diseases. 615 2$aSyphilis. 615 7$aDermatology 615 7$aSyphilis 676 $a616.5005 712 02$aAcademia Española de Dermatología y Sifiliografía, 712 02$aAcademia Española de Dermatología y Venereología, 906 $aJOURNAL 912 $a996413350203316 996 $aActas dermo-sifiliográficas$91891443 997 $aUNISA LEADER 01155nam a2200337 i 4500 001 991001249699707536 005 20020507113421.0 008 970308s1985 ne ||| | eng 020 $a9027718547 035 $ab10194381-39ule_inst 035 $aLE00644635$9ExL 040 $aDip.to Fisica$bita 084 $a53.1.3 084 $a53.5.42 084 $a510.35 084 $a530.1'24 084 $aQC174.26.W28D38 100 1 $aDavydov, A.S.$0461260 245 10$aSolitons in molecular systems /$cA.S. Davydov ; translated by Eugene S. Kryachko 260 $aDordrecht :$bD. Reidel Publ. Co.,$c1985 300 $axvii, 319 p. ;$c23 cm. 490 0 $aMathematics and its applications. Soviet series. 500 $aIncludes bibliography and index. 650 4$aExciton theory 700 1 $aKryachko, Eugene S. 907 $a.b10194381$b17-02-17$c27-06-02 912 $a991001249699707536 945 $aLE006 53.5.42+53.5.44 DAV$g1$i2006000062602$lle006$o-$pE0.00$q-$rl$s- $t0$u1$v0$w1$x0$y.i10239984$z27-06-02 996 $aSolitons in molecular systems$9191394 997 $aUNISALENTO 998 $ale006$b01-01-97$cm$da $e-$feng$gne $h0$i1